书目信息 |
| 题名: |
2016国家执业药师资格考试辅导讲义同步练习题集
|
|
| 作者: | 张廷模 , 梅全喜 主编 ;国家执业药师资格考试辅导用书编写组 组织编写 | |
| 分册: | 二 中药学专业知识 | |
| 出版信息: | 北京 人民卫生出版社 2016 |
|
| 页数: | 197页 | |
| 开本: | 26cm | |
| 丛书名: | ||
| 单 册: | ||
| 中图分类: | R192.8-44 | |
| 科图分类: | ||
| 主题词: | 中药学--Zhong Yao Xue--药剂师--资格考试--习题集 | |
| 电子资源: | ||
| ISBN: | 978-7-117-21987-7 | |
| 000 | 01607nam 2200289 450 | |
| 001 | 1661374672 | |
| 005 | 20160119134228.0 | |
| 010 | @a978-7-117-21987-7@dCNY42.00 | |
| 100 | @a20160322d2016 em y0chiy0120 ea | |
| 101 | 0 | @achi |
| 102 | @aCN@b110000 | |
| 105 | @ay z 000yy | |
| 106 | @ar | |
| 200 | 1 | @a2016国家执业药师资格考试辅导讲义同步练习题集@A2016 Guo Jia Zhi Ye Yao Shi Zi Ge Kao Shi Fu Dao Jiang Yi Tong Bu Lian Xi Ti Ji@e解析版@i中药学专业知识@h二@f组织编写国家执业药师资格考试辅导用书编写组@g主编张廷模, 梅全喜 |
| 210 | @a北京@c人民卫生出版社@d2016 | |
| 215 | @a197页@d26cm | |
| 330 | @a同步练习题集和终极模拟试卷将全新改版,对于题目的甄选和知识点的覆盖更加符合历年考试的命题规律,同时将改版为全解析版,在保证了答案的正确性的同时,也更好的帮助考生复习知识内容。适合参加2015年国家执业药师资格考试的考生进行考前模拟与自测。《终极模拟试卷(解析版)》由5套试题组成,随附参考答案,供考生参考。考生可通过本试卷进行考前模拟实战练习,检验自己的学习成果,及时进行查漏补缺,提高复习效果。 | |
| 333 | @a参加国家执业药师资格考试的考生 | |
| 517 | 1 | @a中药学专业知识@AZhong Yao Xue Zhuan Ye Zhi Shi |
| 517 | 1 | @a国家执业药师资格考试辅导讲义同步练习题集@AGuo Jia Zhi Ye Yao Shi Zi Ge Kao Shi Fu Dao Jiang Yi Tong Bu Lian Xi Ti Ji |
| 606 | 0 | @a中药学@AZhong Yao Xue@x药剂师@x资格考试@j习题集 |
| 690 | @aR192.8-44@v5 | |
| 701 | 0 | @a张廷模@AZhang Ting Mo@4主编 |
| 701 | 0 | @a梅全喜@AMei Quan Xi@4主编 |
| 712 | 02 | @a国家执业药师资格考试辅导用书编写组@AGuo Jia Zhi Ye Yao Shi Zi Ge Kao Shi Fu Dao Yong Shu Bian Xie Zu@4组织编写 |
| 801 | 0 | @aCN@b江苏新华@c20150511 |
| 905 | @aBZT@dR192.8-44@e2-2 | |
| 2016国家执业药师资格考试辅导讲义同步练习题集:解析版.中药学专业知识.二/组织编写国家执业药师资格考试辅导用书编写组/主编张廷模, 梅全喜.-北京:人民卫生出版社,2016 |
| 197页;26cm |
| 使用对象:参加国家执业药师资格考试的考生 |
| ISBN 978-7-117-21987-7:CNY42.00 |
| 同步练习题集和终极模拟试卷将全新改版,对于题目的甄选和知识点的覆盖更加符合历年考试的命题规律,同时将改版为全解析版,在保证了答案的正确性的同时,也更好的帮助考生复习知识内容。适合参加2015年国家执业药师资格考试的考生进行考前模拟与自测。《终极模拟试卷(解析版)》由5套试题组成,随附参考答案,供考生参考。考生可通过本试卷进行考前模拟实战练习,检验自己的学习成果,及时进行查漏补缺,提高复习效果。 |
| ● |
| 相关链接 |
|
|
|
正题名:2016国家执业药师资格考试辅导讲义同步练习题集
索取号:R192.8-44/2-2
 
预约/预借
| 序号 | 登录号 | 条形码 | 馆藏地/架位号 | 状态 | 备注 |
| 1 | 797332 | 2000797332 | 第二书库/ [索取号:R192.8-44/2-2] | 在馆 | |
| 2 | 797333 | 2000797333 | 第二书库/ [索取号:R192.8-44/2-2] | 在馆 | |
| 3 | 797334 | 2000797334 | 第二书库/ [索取号:R192.8-44/2-2] | 在馆 |